Geography Quiz

Random Geography or Art Quiz

Nordic American Flags Quiz Stats

 Plays Quiz not verified by Sporcle

Score 0/35 Timer 05:00
0 Plays Today
% Correct
Canada
82.5%
Brazil
79.4%
Mexico
77.8%
United States
76.2%
Argentina
74.6%
Jamaica
71.4%
Barbados
66.7%
Bahamas
65.1%
Colombia
65.1%
Uruguay
65.1%
Chile
63.5%
Panama
63.5%
Venezuela
63.5%
Ecuador
61.9%
Honduras
61.9%
Nicaragua
60.3%
Dominica
60.3%
Costa Rica
58.7%
% Correct
Peru
58.7%
Trinidad and Tobago
58.7%
Antigua and Barbuda
58.7%
St. Vincent and the Grenadines
58.7%
Bolivia
57.1%
El Salvador
57.1%
Suriname
57.1%
Guatemala
55.6%
Paraguay
55.6%
Dominican Republic
54%
Guyana
54%
Grenada
54%
Cuba
52.4%
St. Lucia
47.6%
Haiti
44.4%
St. Kitts and Nevis
41.3%
Belize
33.3%

You're not logged in!

Compare scores with friends on all Sporcle quizzes.
OR
Log In

Show Comments

Extras

Top Quizzes Today


Score Distribution

Your Account Isn't Verified!

In order to create a playlist on Sporcle, you need to verify the email address you used during registration. Go to your Sporcle Settings to finish the process.

Report this User

Report this user for behavior that violates our Community Guidelines.

Details: